000 00477nam a2200229Ia 4500
003 IT-RoPAU
008 120407s9999 xx 000 0 und d
040 _aIT-RoPAU
040 _cIT-RoPAU
041 _aita
100 _aPier Giordano Cabra
245 _aComunità religiosa e vocazioni
250 _aRoma
260 _aRogate
260 _c1983
300 _a95 p.
300 _c19 cm
490 _aQuaderni CISM
490 _v1
942 _cBK
999 _c37340
_d37340